000 00473nam a2200193Ia 4500
008 170705s9999 xx 000 0 und d
020 _a59045353x
245 2 _aA place to hide :
245 _btrue stories of holocaust rescues /
245 _cJane Pettit.
260 _aNew York :
260 _bScholastic,
260 _c1993
300 _a114 pages :
300 _bcolor illustration ;
300 _c19cm.
440 _aScholastic biography.
500 _a1120
999 _c336695
_d336695